000 00209nam a22000857a 4500
008 170302b xxu||||| |||| 00| 0 eng d
100 _93015
_aGodkar.P
245 _aMedical Laboratry
260 _aMumbai
_bGurgaon
_c2011
999 _c6258
_d6258